Los hijos del trabajo : drama en un acto y en verso /

Bibliographic Details
Main Author: Alba y Peña, Juan de
Format: Book
Language:Spanish
Published: Madrid : Impr. de J. Rodríguez, 1873.
Series:Teatro, colección de obras dramáticas y líricas.

MARC

Tag First Indicator Second Indicator Subfields
LEADER 00000cam a2200000Ia 4500
001 in00002585196
005 20151201152441.0
008 840921s1873 sp 000 d spa d
035 |a (OCoLC)ocm11183680 
035 |a (OCoLC)11183680 
040 |a NOC  |c NOC  |d TXA  |d UtOrBLW 
049 |a TXAM 
090 |a PQ6503.A415  |b H54 1873 
100 1 |a Alba y Peña, Juan de. 
245 1 4 |a Los hijos del trabajo :  |b drama en un acto y en verso /  |c original de Juan de Alba. 
264 1 |a Madrid :  |b Impr. de J. Rodríguez,  |c 1873. 
300 |a 24 pages ;  |c 20 cm. 
336 |a text  |b txt  |2 rdacontent 
337 |a unmediated  |b n  |2 rdamedia 
338 |a volume  |b nc  |2 rdacarrier 
490 1 |a El teatro, coleccion de obras dramaticas y liricas 
500 |a Imprint on cover: Madrid : A. Gullon, 1873. 
500 |a The Cushing Library/Rare Books copy forms part of the Lee Fontanella Collection. 
830 0 |a Teatro, colección de obras dramáticas y líricas. 
948 |a cataloged  |b h  |c 2010/7/2  |d c  |e hgolay  |f 4:33:56 pm 
994 |a C0  |b TXA 
999 |a MARS 
999 f f |s a8c7f669-710a-3075-bf5e-7450072ba7b8  |i 61492159-7f57-37db-83ce-c95d680981f8  |t 0 
952 f f |p noncirc  |a Texas A&M University  |b College Station  |c Cushing Memorial Library & Archives  |d Cushing: Rare Books (Does not check out)  |t 0  |e PQ6503.A415 H54 1873  |h Library of Congress classification  |i unmediated -- volume 
998 f f |a PQ6503.A415 H54 1873  |t 0  |l Cushing: Rare Books (Does not check out)